000 00680nam a2200229Ia 4500
003 OSt
005 20220925202949.0
006 a|||||r|||| 00| 0
007 ta
008 220923b |||||||| |||| 00| 0 eng d
037 _cGeneral Book
040 _aRTL
_cRTL
_beng
041 _2eng
_aeng
082 _aX65:515, P4/Th
100 _aSharma Sonal
_9264614
245 0 _aEmpirical performance of the black and scholes model and a test of market efficiency
260 _aDelhi
_bUniversity of Delhi
_c2004
300 _a92p
_ccm.
500 _aBibliography: P 93-97
942 _hX65:515, P4/Th
_cGB
_2CC
999 _c544774
_d544774